[Event "Mumbai Mayors Cup 1st"]
[Site "Mumbai"]
[Date "2008.05.12"]
[Round "3"]
[White "Anurag, Mhamal"]
[Black "Anmol, Kollegal"]
[Result "1-0"]
[WhiteElo "2125"]
[BlackElo "1819"]
[PlyCount "89"]
[EventDate "2008.05.11"]
[EventType "swiss"]
[EventRounds "11"]
[EventCountry "IND"]
[SourceTitle "CBM 124 Extra"]
[Source "ChessBase"]
[SourceDate "2008.07.03"]
[SourceVersion "1"]
[SourceVersionDate "2008.07.03"]
[SourceQuality "1"]

1. e4 c5 2. Nf3 d6 3. d4 cxd4 4. Nxd4 Nf6 5. Nc3 a6 6. Bc4 e5 7. Nde2 Nbd7 8. 0-0 Qc7 9. Bb3 Be7 10. Be3 0-0 11. f3 b5 12. Nd5 Nxd5 13. Bxd5 Bb7 14. Nc3 Nf6 15. Bxb7 Qxb7 16. Bg5 Rfd8 17. Bxf6 Bxf6 18. Nd5 Bg5 19. Qd3 Rac8 20. Rad1 b4 21. Kh1 a5 22. g3 Be7 23. Rd2 Bf8 24. f4 Qc6 25. Qf3 f6 26. Rfd1 Re8 27. f5 Qb7 28. g4 Qf7 29. Rg1 Be7 30. h4 Kh8 31. g5 Bf8 32. Rdg2 h6 33. gxf6 gxf6 34. Rg6 Bg7 35. Rxg7 Qxg7 36. Rxg7 Kxg7 37. Qg4+ Kf8 38. Nxf6 Rc7 39. Qg8+ Ke7 40. Qe6+ Kf8 41. Qxe8+ Kg7 42. Qg6+ Kf8 43. Qg8+ Ke7 44. Qg7+ Kd8 45. Qf8# 1-0

[Event "Mumbai Mayors Cup 1st"]
[Site "Mumbai"]
[Date "2008.05.11"]
[Round "1"]
[White "Anmol, Kollegal"]
[Black "Arun Prasad, Subramanian"]
[Result "0-1"]
[WhiteElo "1819"]
[BlackElo "2465"]
[PlyCount "108"]
[EventDate "2008.05.11"]
[EventType "swiss"]
[EventRounds "11"]
[EventCountry "IND"]
[SourceTitle "CBM 124 Extra"]
[Source "ChessBase"]
[SourceDate "2008.07.03"]
[SourceVersion "1"]
[SourceVersionDate "2008.07.03"]
[SourceQuality "1"]

1. e4 c5 2. Nf3 d6 3. d4 Nf6 4. Nc3 cxd4 5. Nxd4 a6 6. Bg5 e6 7. f4 Qc7 8. Qf3 b5 9. Bd3 Nbd7 10. 0-0-0 Bb7 11. Rhe1 Qb6 12. Nb3 Rc8 13. Ne2 Nc5 14. Bxf6 gxf6 15. Kb1 Nxd3 16. Qxd3 h5 17. g3 a5 18. e5 a4 19. exd6 Kd7 20. Nd2 b4 21. Qd4 Qxd4 22. Nxd4 Rc5 23. Ne4 Bxe4 24. Rxe4 Rd5 25. Ree1 Bxd6 26. Nf3 Rxd1+ 27. Rxd1 Ke7 28. Nd2 f5 29. Nc4 Bc7 30. a3 Rb8 31. Rd4 f6 32. Ka2 b3+ 33. cxb3 axb3+ 34. Kb1 e5 35. fxe5 fxe5 36. Rd3 e4 37. Rc3 Ke6 38. Kc1 h4 39. Kd1 hxg3 40. hxg3 Rg8 41. Rxb3 Bxg3 42. a4 f4 43. Ke2 Rh8 44. a5 Rh2+ 45. Kd1 Rh1+ 46. Kd2 f3 47. Ke3 Re1+ 48. Kd4 f2 49. a6 f1Q 50. Rb6+ Kf7 51. Rb7+ Kg6 52. a7 Bf2+ 53. Kd5 Qd3+ 54. Ke5 Bd4+ 0-1